Statistics for World Capitals in the Southern Hemisphere

Click here to take the quiz!

General Stats

  • This quiz has been taken 96 times
  • The average score is 31 of 40

Answer Stats

Answer% Correct
Wellington
99%
Brasilia
96%
Canberra
96%
Buenos Aires
93%
Pretoria/Bloemfontein/Cape Town
93%
Lima
92%
Santiago
89%
Jakarta
88%
Kinshasa
88%
Montevideo
86%
Asuncion
84%
La Paz/Sucre
84%
Nairobi
83%
Port Moresby
83%
Quito
83%
Luanda
80%
Suva
80%
Brazzaville
76%
Harare
76%
Dili
75%
Windhoek
75%
Antananarivo
74%
Maputo
74%
Victoria
74%
Lusaka
72%
Gaborone
71%
Dodoma
68%
Kigali
68%
Lilongwe
68%
Maseru
68%
Bujumbura
67%
Nuku'Alofa
67%
Mbabane
66%
Port Louis
66%
Moroni
64%
Apia
63%
Honiara
63%
Port Vila
63%
Yaren
63%
Funafuti
62%

Score Distribution

Percentile by Number Answered

Percent of People with Each Score

Your Score History

You have not taken this quiz